| 000 | 00560nam a2200229 a 4500 | ||
|---|---|---|---|
| 999 |
_c1894 _d1894 |
||
| 001 | 1894 | ||
| 003 | BD-JhCC | ||
| 005 | 20200402134008.0 | ||
| 008 | 171026s2007 i a|||| ||a| 000 0 eng d | ||
| 020 | _a108184080948 | ||
| 035 | _a(BD-JhCC) 1894 | ||
| 040 |
_aBD-JhCC _dBD-JhCC |
||
| 041 | _aeng | ||
| 082 |
_a823.914 _bSPY 2007 |
||
| 100 | _aSpyri, Johanna | ||
| 245 |
_aHeidi / _cJohanna Spyri |
||
| 260 |
_aIndia : _bIndina Publishing House , _c2007 |
||
| 300 |
_a238 p .: _c20 cm . |
||
| 650 | _aMountain life | ||
| 942 |
_2ddc _cBK _02 |
||